000 00209 a2200097 4500
001 23049
100 _aBurnside, W
245 _aTheory of Probability
260 _a
_bMcGraw-Hill
_c1959
090 _c15591
_d15591
942 _aNUST-CAE
_cM
_c6215
999 _c258122
_d258122